Statistics for Random Country Quiz

Click here to take the quiz!

General Stats

  • This quiz has been taken 6 times
  • The average score is 2 of 5

Answer Stats

Answer% Correct
Vietnam
67%
Iran
50%
Cote D’ Ivore
33%
United Arab Emirates
33%
Saint Lucia
17%

Score Distribution

Percentile by Number Answered

Percent of People with Each Score

Your Score History

You have not taken this quiz